Základné pravidlá regionálneho marketingu

Prienik marketingu do verejnej správy. Základné princípy regionálneho marketingu. Úloha marketingového koordinátora obce alebo mesta.

Salvato in:
Dettagli Bibliografici
Autore principale: Drábik, Peter, 1981-
Natura: Capitolo di libro
Lingua:slovacco
Soggetti:
Tags: Aggiungi Tag
Nessun Tag, puoi essere il primo ad aggiungerne!!

MARC

LEADER 00000naa$a2200000$$$4500
001 0087819
005 20240502072003.1
041 0 |a slo 
044 |a SK 
245 1 0 |a Základné pravidlá regionálneho marketingu  |c Peter Drábik 
520 |a Prienik marketingu do verejnej správy. Základné princípy regionálneho marketingu. Úloha marketingového koordinátora obce alebo mesta. 
610 2 0 |a marketing 
610 2 0 |a komunikácia marketingová 
610 2 0 |a regióny 
610 2 0 |a obce 
610 2 0 |a mestá 
610 2 0 |a správa verejná 
610 2 0 |a samospráva 
100 1 |a Drábik, Peter, 1981-